Szczegóły MARC21

Der Mann mit den Messern : Erzählungen /

003 -Nazwa inst., której nr kontr. jest w polu 001 [,]
    • @
    • Nazwa instytucji, której n kontrolny jest w polu 001
    • NUKAT
005 -DATA I CZAS OSTATNIEJ MODYFIKACJI [,]
    • @
    • pole kontrolne
    • 20241231102327.0
020 -Międzynarod. znormalizowany nr książki - ISBN [ , ]
    • a
    • Numer ISBN
    • 3150082870 Find
040 -Instytucja sporządzająca opis [ , ]
    • a
    • Instytucja, która sporządziła opis (NP)
    • GD U/3Schu
    • c
    • Instytucja, która sporządziła rekord (NP)
    • GD U/3Schu
942 -Rodzaj dokumentu [ , ]
    • c
    • Rodzaj dokumentu
    • Książka
100 -Hasło główne - nazwa osobowa [1, ]
    • a
    • Nazwa osobowa (NP)
    • Böll, Heinrich
    • d
    • Daty biograficzne (NP)
    • (1917-1985).
    • 9
    • KHW
    • 59016
240 -Tytuł ujednolicony [1,0]
    • a
    • Tytuł ujednolicony
    • Mann mit den Messern
    • l
    • Język tekstu
    • (niem.)
    • 9
    • KHW
    • 456054
245 -Strefa tytułu i oznaczenia odpowiedzialności [1,4]
    • a
    • Tytuł
    • Der Mann mit den Messern : Find
    • b
    • Ciąg dalszy tytułu (NP)
    • Erzählungen / Find
    • c
    • Pozostałe elementy strefy tytułu i oznaczenia odpowiedzialności (NP)
    • Heinrich Böll ; mit einem autobiographischen Nachwort.
260 -Strefa adresu wydawniczego [ , ]
    • a
    • Miejsce wydania (P)
    • Stuttgart :
    • b
    • Nazwa wydawcy (P)
    • Philipp Reclam jun.,
    • c
    • Data wydania (P)
    • dr. 1989.
300 -Strefa opisu fizycznego [ , ]
    • a
    • Określenie formy książki i/lub objętość (NP)
    • 78, [2] s. ;
    • c
    • Format (NP)
    • 15 cm.
336 -Typ zawartości [ , ]
    • a
    • Termin opisujący typ zawartości
    • Tekst
    • b
    • Kod określający zawartość
    • txt
    • 2
    • Źródło (terminu i kodu)
    • rdacontent
337 -Typ mediów [ , ]
    • a
    • Tryb odtwarzania
    • Bez urządzenia pośredniczącego
    • b
    • Kod typu mediów
    • n
    • 2
    • Źródło (terminu i kodu)
    • rdamedia
338 -Typ/rodzaj nośnika [ , ]
    • a
    • Hasło opisujące typ nośnika
    • Wolumin
    • b
    • Kod typu nośnika
    • nc
    • 2
    • Źródło (terminu i kodu)
    • rdacarrier
490 -Strefa serii i książki wielotomowej - forma nie do wyszukiwania [1, ]
    • a
    • Tytuł (P)
    • Universal-Bibliothek ; Find
    • v
    • Numeracja (P)
    • Nr. 8287
830 -Hasło dodatkowe serii i opisu książki wielotomowej - tytuł ujednolicony/tytuł [ ,0]
    • a
    • Tytuł ujednolicony/tytuł (NP)
    • Reclams Universal-Bibliothek
    • x
    • ISSN
    • 0722-8511
    • v
    • Oznaczenie tomu (NP)
    • Bd. 8287
    • 9
    • KHW
    • 12680
080 -Uniwersalna Klasyfikacja Dziesiętna [ , ]
    • a
    • Symbol klasyfikacji
    • 830-32=30
980 -Symbol UKD [ , ]
    • a
    • UKD
    • 830-32=30
920 -ISBN [ , ]
    • a
    • ISBN
    • 3-15-008287-0 Find
Data inwentaryzacji Lokalizacja Status udost. Numer inwentarzowy Sygnatura
1998-08-28BM-3G.13551Germ. Opowiadania niemieckie